Financial accounting fundamentals

محفوظ في:
التفاصيل البيبلوغرافية
المؤلف الرئيسي: Wild, John J.
التنسيق: كتاب
اللغة:Undetermined
منشور في: Boston McGraw-Hill/Irwin 2004
الموضوعات:
الوسوم: إضافة وسم
لا توجد وسوم, كن أول من يضع وسما على هذه التسجيلة!
Thư viện lưu trữ: Trung tâm Học liệu Trường Đại học Cần Thơ
LEADER 00512nam a2200169Ia 4500
001 CTU_225055
008 210402s9999 xx 000 0 und d
082 |a 657 
082 |b W668 
100 |a Wild, John J. 
245 0 |a Financial accounting fundamentals 
245 0 |c John J. Wild 
260 |a Boston 
260 |b McGraw-Hill/Irwin 
260 |c 2004 
650 |a Accounting,Kế toán,Báo cáo tài chính,Accounting,Financial statements 
980 |a Trung tâm Học liệu Trường Đại học Cần Thơ